Relativistic quantum mechanics: wave equations by W Greiner (Record no. 1211543)

MARC details
000 -LEADER
fixed length control field 00781nam a2200289Ia 4500
003 - CONTROL NUMBER IDENTIFIER
control field OSt
005 - DATE AND TIME OF LATEST TRANSACTION
control field 20221007123221.0
008 - FIXED-LENGTH DATA ELEMENTS--GENERAL INFORMATION
fixed length control field 221006b |||||||| |||| 00| 0 eng d
020 ## - INTERNATIONAL STANDARD BOOK NUMBER
International Standard Book Number 0387509860 (New York)
020 ## - INTERNATIONAL STANDARD BOOK NUMBER
International Standard Book Number 3-540-50986-0 (Berlin)
037 ## - SOURCE OF ACQUISITION
Terms of availability Textual
040 ## - CATALOGING SOURCE
Original cataloging agency PAPL
Transcribing agency PAPL
Language of cataloging eng
041 ## - LANGUAGE CODE
Source of code eng
Language code of text/sound track or separate title eng
100 ## - MAIN ENTRY--PERSONAL NAME
Personal name Greiner W
9 (RLIN) 716874
245 #0 - TITLE STATEMENT
Title Relativistic quantum mechanics: wave equations by W Greiner
260 ## - PUBLICATION, DISTRIBUTION, ETC.
Place of publication, distribution, etc. Berlin
Name of publisher, distributor, etc. Springer Verlag
Date of publication, distribution, etc. 1994
300 ## - PHYSICAL DESCRIPTION
Extent 345p
Dimensions cm.
490 ## - SERIES STATEMENT
Series statement Theoretical physics
650 ## - SUBJECT ADDED ENTRY--TOPICAL TERM
Topical term or geographic name entry element Quantum Mechanics
650 ## - SUBJECT ADDED ENTRY--TOPICAL TERM
Topical term or geographic name entry element Physics
942 ## - ADDED ENTRY ELEMENTS (KOHA)
Classification part CN2, N4
Koha item type Textual
Source of classification or shelving scheme Colon Classification (CC)
Holdings
Withdrawn status Lost status Source of classification or shelving scheme Damaged status Not for loan Home library Current library Date acquired Total Checkouts Full call number Barcode Date last seen Price effective from Koha item type
    Colon Classification (CC)     Department of Physics and Astrophysics Library Department of Physics and Astrophysics Library 2022-10-07   CN2 N4 PA0005070 2022-10-07 2022-10-07 Textual
Copyright @ Delhi University Library System